Online Catalogue and eLibrary

Dream of the red chamber (Record no. 5936)

MARC details
000 -LEADER
fixed length control field 00396nam a22001457a 4500
005 - DATE AND TIME OF LATEST TRANSACTION
control field 20241216042528.0
008 - FIXED-LENGTH DATA ELEMENTS--GENERAL INFORMATION
fixed length control field 241216b |||||||| |||| 00| 0 eng d
082 ## - DDC Classification
DDC Edition Number 22
Class No. 144
Item Number - Author Mark DRE
100 ## - MAIN ENTRY--PERSONAL NAME
Personal name Hsueh-chin
245 ## - TITLE STATEMENT
Title Dream of the red chamber
260 ## - PUBLICATION, DISTRIBUTION, ETC.
Place of publication, distribution, etc. Hong Kong
Name of publisher, distributor, etc. Seagull Publishing CO.,
Date of publication, distribution, etc. 1980
300 ## - PHYSICAL DESCRIPTION
Extent (e.g. Volumes, Pages etc.) 113 p .,
500 ## - GENERAL NOTE
General note Selections from China's Great Classical Novels.
942 ## - Koha item type (Biblio)
Koha item type Books in Stacks (Lending)
Holdings
Lost status Damaged status Collection code Home library Current library Date acquired Full call number Accession Number Item type
    Lending WERC Library WERC Library 12/16/2024 144 DRE 144 Books in Stacks (Lending)

© WERC Library